| 000 | 00347nam a2200145Ia 4500 | ||
|---|---|---|---|
| 008 | 150201s2009 xx 000 0 und d | ||
| 082 |
_a616.84 _bP09F |
||
| 100 | _aFENICHEL,S.M. | ||
| 245 | _aCLINICAL PEDIATRIC NEUROLOGY | ||
| 250 | _a6TH | ||
| 260 |
_bELSEVIER _aPHILADELPHIA _c2009 |
||
| 300 | _a1-415 | ||
| 650 | _aPAEDIATRICS | ||
| 942 |
_2ddc _cBK |
||
| 999 |
_c356 _d356 |
||